000 00327nam a22001457a 4500
008 210309b ||||| |||| 00| 0 eng d
020 _a0195021479
041 _aeng
080 _a53
082 _a53
100 _a43
101 _aFIZ
245 _aAn Inquiry Approach to the Physical Sciences
_cArons, A
942 _2udc
_cBK
999 _c56074
_d56074